000 00517nam a2200193 i 4500
001 29735
003 ES-MaACL
005 20231224062912.0
007 t|
008 030122s1955 sp ||||1| spa d
100 1 _aBaroja, Pío,
_d1872-1956
_925752
245 1 0 _aAquí París /
_cPío Baroja.
260 _aMadrid :
_b[s.n.,
_c1955] (
_fGráf. C.I.O.)
300 _a267 p. ;
_c18 cm.
490 1 _aEl grifón ;
_v22
830 0 _aEl grifón ;
_v22
_9181273
852 _aES-MaACL
_jC-10038
999 _c29735
_d29735